Propagation of callus from Hevea anthers (Record no. 65951)

MARC details
000 -LEADER
fixed length control field 00449nam a2200169Ia 4500
100 ## - MAIN ENTRY--AUTHOR NAME
Personal name Satchuthananthavale R
245 #0 - TITLE STATEMENT
Title Propagation of callus from Hevea anthers
260 ## - PUBLICATION, DISTRIBUTION, ETC. (IMPRINT)
Name of publisher Rubber Research Institute of Ceylon Quarterly Journal
Year of publication 1972
300 ## - PHYSICAL DESCRIPTION
Number of Pages 65-68
650 ## - SUBJECT ADDED ENTRY--TOPICAL TERM
Topical Term Anther
650 ## - SUBJECT ADDED ENTRY--TOPICAL TERM
Topical Term Callus
650 ## - SUBJECT ADDED ENTRY--TOPICAL TERM
Topical Term Hevea
650 ## - SUBJECT ADDED ENTRY--TOPICAL TERM
Topical Term Propagation
700 ## - ADDED ENTRY--PERSONAL NAME
Personal name Irugalbandra Z E
942 ## - ADDED ENTRY ELEMENTS (KOHA)
Koha item type Journals
Holdings
Withdrawn status Lost status Damaged status Not for loan Home library Current library Shelving location Date acquired Serial Enumeration / chronology Koha item type
      Journals RRII Library RRII Library Botany 17/12/2021 Volume 49, Issue 04-Mar Journals